| 000 | 01232nam a22003497a 4500 | ||
|---|---|---|---|
| 003 | CHAP | ||
| 005 | 20220817042621.0 | ||
| 008 | 971013s1984 r 00010 d | ||
| 010 | _a49939 | ||
| 011 | _a50911 | ||
| 035 | _a55061 | ||
| 040 | _cCHAP | ||
| 082 |
_a338.9 _bR66 |
||
| 100 | 0 | 0 |
_aRodríguez, Flavia. _998993 |
| 245 | _aCrecimiento económico en economías con problemas de deuda externa | ||
| 260 |
_aMéxico, D. F. : _bCentro de Estudios Monetarios Latinoamericanos, _c1984 |
||
| 300 |
_a63 h. _b; gráfs. |
||
| 490 |
_aCaudernos de investigación _v; 1 |
||
| 590 |
_aBATCH-UPD _b10 _c20130110 _lUCH01 _h0709 |
||
| 590 |
_aBATCH-UPD _b10 _c20130410 _lUCH01 _h0355 |
||
| 590 |
_aBATCH-UPD _b10 _c20130914 _lUCH01 _h0902 |
||
| 590 |
_aCONVERSION _b10 _c20130109 _lUCH01 _h1327 |
||
| 650 | 1 | 4 |
_aAmerica Latina _xCondiciones economicas. _95390 |
| 650 | 1 | 4 |
_aCuestión monetaria _xMéxico. _930128 |
| 650 | 1 | 4 |
_aDesarrollo económico _xModelos matemáticos. _932054 |
| 650 | 1 | 4 |
_aDeuda pública. _932222 |
| 650 | 1 | 4 |
_aMéxico _xCondiciones económicas. |
| 830 | 0 |
_aCaudernos de investigación _v; 1 _920572 |
|
| 901 | _aBK | ||
| 942 | _cLIBRO | ||
| 949 |
_a338.9 R66 _bBC _cLIBRO _d33724000656930 _eLIBRO _gI. c/e _h68044 _i55061 _si |
||
| 999 |
_c49939 _d49939 |
||